| 000 | 00635nam a2200205 a 4500 | ||
|---|---|---|---|
| 003 | OSt | ||
| 005 | 20240226121222.0 | ||
| 008 | 180308t2014 pk | |||| 00| 0 urd d | ||
| 020 | _a9789697516001 | ||
| 040 | _c0 | ||
| 082 |
_a180.9 _bLAT 2014 |
||
| 100 | 1 |
_aلطيف جاويد _99876 |
|
| 245 | 1 | 0 |
_aانسان،فلسفہ اورکائنات _cLatif Javed |
| 246 | _aInsan Falsfa Aur Kainat | ||
| 260 |
_aIslamabad: _bAkash; _c2014. |
||
| 300 | _a128 p. | ||
| 650 |
_aPhilosophy _xHistory _933524 |
||
| 942 |
_2ddc _cBK _aSADA _k180.9 LAT 2014 |
||
| 999 |
_c608167 _d608167 |
||